Регионална библиотека "Любен Каравелов" - Русе

Майстора и Маргарита (Запис номер 106156)

MARC детайли
000 -Лидер
Контролно поле с фиксирана дължина 01365nam a2200325 c 4500
003 - Код на организацията, давaща контролен номер
Контролно поле BLK
005 - Дата и час на последна редакция
Контролно поле 20190819112432.0
008 - Елементи от данни с фиксирана дължина
fixed length control field 180409b bul|||||r ||||||| ||bul||
010 ## - Наследен системен номер
LC control number KNG00111409000
020 ## - Международен стандартен номер на книга ISBN
Международен стандартен номер на книга ISBN 954-597-181-9
040 ## - Източник на каталожния запис
Идентификатор на билиотеката - собственик на записа BLK
041 ## - Код за език
Код за езика на текст/звукозапис или на отделно заглавие Български
Код за езика КДБФ Български
080 ## - УДК
Текстов определител УДК Руска литература
УДК код - определител по УДК 821.161.1
УДК определител -31
УДК - код + определител 821.161.1-31
100 1# - Редна дума - Автор
Автор Булгаков, Михаил Афанасиевич
Авторска отговорност първи автор
R(LIN) 371856
139 ## - Редно поле
Редна дума Булгаков, Михаил Афанасиевич
Авторски знак Бук - Б 85
245 10 - Сведения за заглавието
Заглавие Майстора и Маргарита
Подзаглавни данни Роман
Редно поле (дума) Михаил Афанасиевич Булгаков; прев. от рус. Лиляна Минкова.
250 ## - Област на изданието
Сведения за изданието 7. изд.
257 ## - Страна на издаване
Страна на създаване/издаване Русия
260 ## - Област на издателските данни
Име на издателя, разпространителя и проч. Фама
Година на издаване 2004
300 ## - Физическа характеристика
Страници 432 с.
Размери/Мащаб 20 см
380 ## - Жанр
Жанр Худож. лит.
500 ## - Общи забележки
Забележка Ориг. загл. Мастер и Маргарита. - 1. изд. 1968 на изд. Нар. култура в Библиотека Избрани романи ; N 7. - В кн. означено 5. прераб. изд.
653 ## - Ключова дума – ненормативна
Ключова дума романи
700 1# - Други автори (авторска отговорност)
Лично име Минкова, Лиляна
Автороска отговорност (Описва отношението между автора и произведението) прев. от рус.
9 (RLIN) 364889
852 ## - Местоположение
Форматна сигнатура Цб 218321
856 4# - Електронен адрес и достъп
Електронен формат pdf - файл
856 4# - Електронен адрес и достъп
Електронен формат pdf - файл
999 ## - СИСТЕМНИ КОНТРОЛНИ НОМЕРА
Koha biblionumber 106156
Koha biblioitemnumber 106156
942 ## - АРТИКУЛИ
Вид на библиотечния материал Книги
Скрит в OPAC Не
Koha issues (borrowed), all copies 6
Периодичен библиозапис Да
944 ## - СЪЗДАВАНЕ И РЕДАКЦИЯ на ЗАПИСА
Създаване/Редакция Създаване
Дата на регистрацията/редакция 01.03.2004
Статус, дата на статуса ф /
Служител, извършил регистрацията/редакцията Людмила_Стоянова
944 ## - СЪЗДАВАНЕ И РЕДАКЦИЯ на ЗАПИСА
Създаване/Редакция Редакция
Дата на регистрацията/редакция 04.08.2011
Статус, дата на статуса ф /
999 ## - СИСТЕМНИ КОНТРОЛНИ НОМЕРА
Koha biblioitemnumber 106156
999 ## - СИСТЕМНИ КОНТРОЛНИ НОМЕРА
Koha biblioitemnumber 106156
Наличности
Код за отписване Код за изгубен артикул Код за повреда Коз за рестрикции Код за отдаване Артикулен № Име на библиотеката - собственик Име на библиотеката, в която се намира в момента Статус (Текущо местоположение) Дата на вписване в системата Местоположение - отдел Цена в лева Инвентарен номер Систематично азбучна сигнатура Баркод Номер на екземпляра Цена в евро Служебна бележка Служебен тип на артикула Източник на класификационната схема
Изтеглен Не е изгубен Не е повреден без рестрикции заемане за дома 171294 Регионална библиотека "Любен Каравелов" Русе Регионална библиотека "Любен Каравелов" Русе Заемна - подръчен фонд 2004-03-02 Заемна - подръчен фонд 12.00 120000683205 П 882-31/Б 85 120000683205 1 6.14 Дост: Pk Вид: Ф N: 5 Дата: 01.03.2004 Дата инв: 21.02.2018 Бележки инв: П2018 Книги  
  Не е изгубен Не е повреден само за читалня ползва се в читалня 751483 Регионална библиотека "Любен Каравелов" Русе Регионална библиотека "Любен Каравелов" Русе Хранилище 2019-12-12 Основен фонд - ползва се само за читалня 12.00   Цб 296416 120000835617   6.14   Книги Universal Decimal Classification
Vip Innovations Ltd, Rousse, Bulgaria 2025